Top 15 jogadores com mais gols pelo Internacional - Jan 2022 - Statistics

Estatísticas Gerais
  • Esse quiz foi jogado 152 vezes
  • A pontuação média é 5 de 15
Estatísticas das Respostas
Hint Resposta % Correto
15 D'alessandro
94%
10 Leandro Damião
77%
4 Valdomiro
59%
1 Carlitos
50%
3 Claudiomiro
44%
5 Tesourinha
43%
2 Bodinho
34%
6 Larry
31%
14 Christian
24%
13 Escurinho
24%
9 Jair
22%
7 Villalba
17%
8 Ivo Diogo
12%
11 Adãozinho
9%
12 Alfeu
7%
Nenhum quiz correspondente encontrado
Distribuição das Pontuações
Porcentagem de Pessoas com Cada Pontuação
Percentil de Números Respondidos
Sua Pontuação Histórica
Você não jogou esse quiz